[Event "Grand Prix Moscow 2019"]
[Site "Moscow"]
[Date "2019.05.27"]
[Round "4.1"]
[White "Grischuk, Alexander"]
[Black "Nepomniachtchi, Ian"]
[Result "1/2-1/2"]
[WhiteElo "2772"]
[BlackElo "2773"]
[Annotator "TA"]
[PlyCount "76"]
[EventDate "2019.05.17"]
[EventType "k.o."]
[EventCountry "RUS"]
[SourceTitle "playchess.com"]
[Source "ChessBase"]
[SourceQuality "1"]

{[%evp 25,76,-13,-9,-12,-8,-18,0,0,0,0,2,0,0,0,0,0,0,-22,0,0,0,0,0,-5,-4,-18,-8,-18,0,0,0,0,0,0,0,0,0,0,0,0,0,0,0,0,0,0,0,0,0,0,0,0,0]} 1. d4 Nf6 2. c4 g6 3. Nc3 d5 4. cxd5 Nxd5 5. e4 Nxc3 6. bxc3 Bg7 7. Nf3 c5 8. Be2 Nc6 9. d5 Bxc3+ 10. Bd2 Bxa1 11. Qxa1 Nd4 12. Nxd4 cxd4 13. Qxd4 O-O {The position is equal.} 14. O-O {D85: Exchange Grünfeld: Unusual White 7th moves and lines with 7 Nf3} (14. Bh6 Qa5+ 15. Kf1 f6 16. Bxf8 Kxf8 17. g4 Bd7 18. e5 Qb6 19. Qxb6 axb6 20. e6 Ba4 21. Kg2 Ra5 {1-0 (46) Novik,M (2482)-Drori,S (2359) Jerusalem 2017}) 14... Qb6 15. Qc3 Bd7 16. Bh6 {[%csl Gh6][%cal Rc3g7] [#]} f6 17. Bxf8 Rc8 18. Qf3 Kxf8 19. e5 Kg7 $146 ({Predecessor:} 19... Qd4 20. d6 Qxe5 21. Qxb7 Ke8 22. Ba6 Qxd6 23. Qb3 Be6 24. Qa4+ Bd7 25. Qb3 Be6 26. Qa4+ Bd7 27. Qb3 {½-½ (27) Ziegler,P (2093)-Ederer,K (2140) LSS email 2010}) 20. exf6+ exf6 21. h3 Qd6 22. Qd3 h5 23. Qd2 b5 24. Qa5 a6 25. Bf3 Be8 26. h4 Bf7 27. g3 Rc4 ({But not} 27... Bxd5 $2 28. Qd2 $18) 28. Rd1 Rc2 29. Be4 Rc8 (29... Rb2 {is interesting.} 30. Rd3 Rb4 31. Bg2 Rb1+ 32. Kh2 Rb2) 30. Bg2 Rc7 31. Bf3 Rc4 32. Bg2 Kg8 33. Bf3 Kh7 34. Kg2 f5 35. Qd2 b4 36. Qe3 Rc7 37. Rd3 a5 38. a3 bxa3 {Accuracy: White = 71%, Black = 65%.} 1/2-1/2

[Event "Grand Prix Moscow 2019"]
[Site "Moscow"]
[Date "2019.05.28"]
[Round "4.2"]
[White "Nepomniachtchi, Ian"]
[Black "Grischuk, Alexander"]
[Result "1/2-1/2"]
[WhiteElo "2773"]
[BlackElo "2772"]
[Annotator "TA"]
[PlyCount "45"]
[EventDate "2019.05.17"]
[EventType "k.o."]
[EventCountry "RUS"]
[SourceTitle "playchess.com"]
[Source "ChessBase"]
[SourceQuality "1"]

{[%evp 16,45,22,19,33,15,19,16,18,13,46,39,46,35,34,14,18,15,16,15,14,10,7,18,8,12,30,20,10,0,0,0]} 1. e4 e5 2. Nf3 Nc6 3. Bb5 Nf6 4. O-O Nxe4 5. Re1 Nd6 6. Nxe5 Be7 7. Bf1 Nxe5 8. Rxe5 O-O 9. d4 Bf6 {C67: Ruy Lopez: Berlin Defence: 4 0-0 Nxe4} 10. Re2 Nc4 11. b3 Nb6 12. a4 $146 ({Predecessor:} 12. c3 d5 13. Re1 Re8 14. Rxe8+ Qxe8 15. a4 Be6 16. Na3 Nc8 17. Bf4 {0-1 (69) Fedoseev,V (2724)-Kramnik,V (2777) Wijk aan Zee 2019}) 12... a5 13. Nc3 d6 14. Ne4 Be7 15. Qe1 Nd5 16. Nc3 Nxc3 17. Rxe7 Nd5 18. Re2 Bg4 19. f3 Bf5 20. Qd2 Re8 21. Bb2 Rxe2 22. Qxe2 Qe8 23. Re1 {Accuracy: White = 62%, Black = 83%.} 1/2-1/2

[Event "Grand Prix Moscow 2019"]
[Site "Moscow"]
[Date "2019.05.29"]
[Round "4.3"]
[White "Grischuk, Alexander"]
[Black "Nepomniachtchi, Ian"]
[Result "1/2-1/2"]
[WhiteElo "2772"]
[BlackElo "2773"]
[Annotator "TA"]
[PlyCount "73"]
[EventDate "2019.05.17"]
[EventType "k.o."]
[EventCountry "RUS"]
[SourceTitle "playchess.com"]
[Source "ChessBase"]
[SourceQuality "1"]

{[%evp 9,73,-11,14,8,0,-5,30,27,28,40,48,40,16,22,40,19,14,14,25,26,20,19,21,24,22,12,30,18,32,36,33,13,17,13,19,14,17,7,7,0,0,5,14,0,3,0,0,0,0,0,0,0,0,0,0,0,0,0,0,0,0,0,0,0,0,0]} 1. e4 e5 2. Nf3 Nf6 3. d3 Nc6 4. g3 d5 (4... g6 5. Bg2 Bg7 6. c4 d6 7. h3 O-O 8. Nc3 Nd7 9. Bg5 f6 10. Be3 f5 11. exf5 gxf5 12. Qd2 {0-1 (44) Duda,J (2738)-Giri,A (2783) Wijk aan Zee 2019}) 5. exd5 Qxd5 6. Bg2 {C44: Ponziani Opening and Scotch Gambit} Bg4 {[#] Threatens to win with ...e4.} 7. h3 Bxf3 (7... Be6 {keeps more tension.} 8. Nc3 Qd7 9. Ng5 Bf5 10. g4 Bg6) 8. Qxf3 $146 {White has an edge.} ({Predecessor:} 8. Bxf3 Qe6 9. Nc3 Bb4 10. Bg2 O-O 11. O-O Rad8 12. a3 Bxc3 13. bxc3 {½-½ (60) Laurent Paoli,P (2305)-Sezdbekov,A (1861) Khanty-Mansiysk 2016}) 8... Qxf3 9. Bxf3 Nd4 10. Bd1 O-O-O 11. Nd2 Nc6 12. a3 g6 13. Ne4 Nxe4 14. dxe4 h5 15. c3 Bh6 16. Bxh6 Rxh6 17. Bb3 f6 18. h4 Kd7 19. Ke2 Ke7 20. Rhd1 Rhh8 {The position is equal.} 21. Bd5 Rd6 22. b4 Nd8 23. f4 c6 24. Bb3 Rxd1 25. Rxd1 $11 {[%mdl 4096] Endgame KRB-KRN} Ne6 26. Ke3 a5 27. Bxe6 (27. fxe5 {seems wilder.} fxe5 28. Bxe6 Kxe6 29. bxa5 Ra8 30. Rb1) 27... Kxe6 28. bxa5 {KR-KR} Ra8 29. Rb1 Rxa5 30. Rxb7 Rxa3 31. Kd3 exf4 32. gxf4 Ra1 33. Rc7 Kd6 34. Rf7 Ke6 35. Rc7 Kd6 36. Rf7 Ke6 37. Rc7 {Accuracy: White = 72%, Black = 78%.} 1/2-1/2

[Event "Grand Prix Moscow 2019"]
[Site "Moscow"]
[Date "2019.05.29"]
[Round "4.4"]
[White "Nepomniachtchi, Ian"]
[Black "Grischuk, Alexander"]
[Result "1-0"]
[WhiteElo "2773"]
[BlackElo "2772"]
[Annotator "TA"]
[PlyCount "71"]
[EventDate "2019.05.17"]
[EventType "k.o."]
[EventCountry "RUS"]
[SourceTitle "playchess.com"]
[Source "ChessBase"]
[SourceQuality "1"]

{[%evp 9,71,15,14,18,29,22,12,4,10,17,14,12,16,17,25,14,29,19,23,8,9,7,0,2,33,0,0,0,71,69,70,71,71,70,70,77,45,45,99,102,87,95,140,140,147,155,147,133,214,200,281,234,458,458,458,394,423,420,570,610,620,335,1265,1256]} 1. e4 e5 2. Nf3 Nc6 3. Bc4 Nf6 4. d3 Bc5 5. c3 d6 6. a4 {Threatens to win with b4. C54: Giuoco Piano: 4 c3 Nf6, main lines with 5 d4 and 5 d3} a6 7. h3 Ba7 (7... h6 8. O-O O-O 9. Re1 a5 10. Nbd2 Be6 11. Qb3 Qd7 12. Bxe6 fxe6 13. Nf1 Nh5 {½-½ (43) Nepomniachtchi,I (2757)-Grischuk,A (2766) chess.com INT 2018}) 8. O-O {The position is equal.} h6 9. Re1 O-O 10. Nbd2 Re8 11. b4 Be6 12. Bxe6 Rxe6 13. Qc2 Qd7 {[#]} 14. Nc4 $146 ({Predecessor:} 14. Rb1 Rd8 15. b5 Ne7 16. Nc4 Ng6 17. b6 {½-½ (17) Van Foreest,J (2612)-Radjabov,T (2757) Wijk aan Zee 2019}) 14... d5 15. exd5 Qxd5 {White must now prevent ...e4.} 16. Ne3 Qd7 17. Nc4 (17. b5 $5 {[%cal Rb5c6]} Na5 18. c4 $11) 17... Qd5 {Hoping for ...e4.} 18. Ne3 $36 {[%mdl 2048] White fights for an advantage.} Qd7 19. b5 Na5 20. c4 Bd4 21. Rb1 axb5 22. axb5 Ree8 23. c5 Nd5 (23... Bxe3 $14 24. Bxe3 e4 25. dxe4 Rxe4) 24. Nxd5 $16 Qxd5 25. Nxd4 exd4 {[#]} 26. Rxe8+ $1 Rxe8 27. Bf4 Re7 28. Qa4 b6 (28... Qf5 $16) 29. c6 $18 Kh7 (29... f6 $142 30. Rb4 g5) 30. Rb4 Qe6 $2 (30... g5) 31. Rxd4 f5 32. Be3 g5 33. Qb4 Rg7 34. Rd8 Nb3 35. Bd4 ({Not} 35. Qf8 f4 $16) 35... Re7 $2 {[#]} (35... Nxd4 36. Qxd4 Re7) 36. Qxe7+ $1 {[%mdl 512] Accuracy: White = 81%, Black = 40%.} 1-0